000 00560nam a22001817a 4500
005 20251108172515.0
008 250721s9999 xx 000 0 ara d
082 1 4 _a371.2أحم
100 1 _aأحمد، أحمد إبراهيم
245 1 0 _aإدارة المدرسية في الألفية الثالثة /
264 1 _aالإسكندرية :
_bمكتبة المعارف الحديثة،
300 _a415ص
650 1 7 _aالإدراة المدرسية
650 1 7 _aالتربية
650 1 7 _aالإدارة
942 _2ddc
_cBK
999 _c81144
_d81144